00823pam a2200253 a 4500999001500000001000500015003000900020005001700029008004100046020001500087040003300102082001900135100002300154245008300177250001200260260004300272300002400315500003300339650002600372700002200398700002000420942001200440952011700452 c5282d52824392BD-DhUAP20201221101409.0201221s1998 nyua b 001 0 eng c a0471182680 aDNLM/DLCcDLCdBD-DhUAPbeng00a657.48 WEY2231 aWiygandt, Jerry J.10aFinancial accounting /cJerry J. Wiygandt, Donald E. Kieso and Paul D. Kimmel. a2nd ed. aNew York :bJohn Wiley & sons,cc1998. a762 pages ;c28 cm. aWorking papers to accompany. aFinancial accounting.1 a Kieso, Donald E.1 aKimmel, Paul D. 2ddccBK 00102ddc4070aUAPCLbUAPCLcGeneral Stacksd2020-12-21o657.48 WEYp3010004392r2020-12-21t1w2020-12-21yBK